Animals With A Specific Syllable #3 - Statistics

General Stats
  • This quiz has been taken 41 times
  • The average score is 11 of 26
Answer Stats
XXX Hint Answer % Correct
Runs in a wheel Hamster
82%
Country and food Turkey
82%
TOR See you later... Alligator
79%
Mock______soup Turtle
79%
Edible molusc, produces pearls Oyster
76%
Brings babies Stork
74%
TER Long tongue for poking in holes Anteater
71%
Arachnophobia Tarantula
71%
Can become very old Tortoise
68%
Build huge towers Termite
62%
Bird that makes coffee for the boss Secretarybird
59%
Undertaker of the desert Vulture
50%
Huge lizard endemic to Sri Lanka Monitor
44%
Very common songbird all over the planet Starling
44%
TER Weasel that can kill crocodiles Otter
41%
Hardly moving sea animal Starfish
38%
TAR Not to be confused with an illegitimate child Bustard
35%
Extremely expensive food (blue) Lobster
21%
Male has a trumpeting threat call Trumpeter
15%
Looks like a lizard but isn't (New Zealand) Tuatara
12%
A kalaidoscope of... (term of venery) Butterfly
9%
Tropical waterbird with long neck (snakebird) Darter
9%
Only seldomly eats the namesake Bee-eater
6%
Little rat-like marsupial Potoroo
3%
TUR Beautiful green bird with red ring around the eye Turaco
3%
Very common large antelope in Africa Waterbuck
3%
No matching quizzes found
Score Distribution
Percent of People with Each Score
Percentile by Number Answered
Your Score History
You have not taken this quiz